书目信息 |
| 题名: |
统计学:基本概念和方法
|
|
| 作者: | 吴喜之 译 | |
| 分册: | ||
| 出版信息: | 北京 高等教育出版社 2000.03 |
|
| 页数: | 476页 | |
| 开本: | 16开 | |
| 丛书名: | ||
| 单 册: | ||
| 中图分类: | C8-43 | |
| 科图分类: | ||
| 主题词: | 统计学 | |
| 电子资源: | ||
| ISBN: | 7-04-007891-0 | |
| 000 | 00521nam0 2200181 45 | |
| 001 | 0106211606 | |
| 005 | 20060928100257.06 | |
| 010 | @a7-04-007891-0@d52.00元 | |
| 100 | @a20010621d2000 km y0chiy0120 ea | |
| 101 | 0 | @achi |
| 200 | 1 | @a统计学:基本概念和方法@ATong Ji Xue:Ji Ben Gai Nian He Fang Fa@f吴喜之等译@FWu Xi Zhi Deng Yi |
| 210 | @a北京@c高等教育出版社@d2000.03 | |
| 215 | @a476页@d16开 | |
| 606 | 0 | @a统计学 |
| 690 | @aC8-43@v3 | |
| 701 | 0 | @a吴喜之@4译 |
| 801 | @aCN@c20060928 | |
| 905 | @f6@b350307-312@dC8-43@eW980 | |
| 统计学:基本概念和方法/吴喜之等译.-北京:高等教育出版社,2000.03 |
| 476页;16开 |
| ISBN 7-04-007891-0:52.00元 |
| ● |
| 相关链接 |
|
|
|
正题名:统计学:基本概念和方法
索取号:C8-43/W980
 
预约/预借
| 序号 | 登录号 | 条形码 | 馆藏地/架位号 | 状态 | 备注 |
| 1 | 350307 | 203503075 | 社科库509/509社科库 55排6列5层/ [索取号:C8-43/W980] | 在馆 | |
| 2 | 350308 | 203503084 | 社科库509/509社科库 55排6列5层/ [索取号:C8-43/W980] | 在馆 | |
| 3 | 350309 | 203503093 | 社科库509/509社科库 55排6列5层/ [索取号:C8-43/W980] | 在馆 | |
| 4 | 350310 | 203503100 | 社科库509/509社科库 55排6列5层/ [索取号:C8-43/W980] | 在馆 | |
| 5 | 350311 | 203503119 | 社科库509/509社科库 55排6列5层/ [索取号:C8-43/W980] | 在馆 | |
| 6 | 350312 | 203503128 | 社科库509/509社科库 55排6列5层/ [索取号:C8-43/W980] | 在馆 | |
| 7 | 599650 | 205996500 | 社科库509/ [索取号:C8-43/W980] | 在馆 | |
| 8 | 599651 | 205996519 | 社科库509/509社科库 55排3列1层/ [索取号:C8-43/W980] | 在馆 |